1996 1187 1197 1169 1624 1028 1697 1958 1348 1534 1436 1560 1512 1343 1611 1543 1285 1464 1794 1037 1141 1567 1730 1262 1437 1516 1981 1975 1065 1267 1109 1282 1541 1878 1381 1754 1982 1361 1845 1789 1420 1155 1382 1894 1447 1123 1972 1952 1153 1849 1745 1056 1923 1437 1042 1048 1531 1864 1332 1360 1919 1336 1890 1403 1117 1577 1855 1588 1052 1543 1251 1557 1795 1695 1177 1907 1538 1987 1531 1470 1643 1510 1681 1273 1123 1828 1409 1156 1805 1331 1906 1078 1481 1872 1455 1659 1389 1594 1266 BCNSPRNW ULIB Ver.6.0+V

เปลี่ยนเป็นภาษาไทย

Change to English
 แสดงรายละเอียดบรรณานุกรม
  กลับหน้าหลัก

Brief Record : Get Marc (ISO 2709) : E-mail record : QR code < ปิดหน้าต่าง
LEADER : 00000nam 2200000uu 4500
001    13399110864
003     ULIB
008    110610s2544||||th 000 0 tha d
020    9746117149 (ล.1)
020    9746131028 (ล.2)
060 04 WY16^bส719ป 2544 ล.2
245 00 เอกสารการสอนชุดวิชาประเด็นและแนวโน้มทางการพยาบาล หน่วยที่ 8-15=^bNursing issues and trends/^cละออ หุตางกูร ... [และคนอื่นฯ]
246 31 Nursing issues and trends
250    พิมพ์ครั้งที่ 14
260    นนทบุรี :^bสำนักพิมพ์มหาวิทยาลัยสุโขทัยธรรมาธิราช,^c2532-2544
300    ล.2 มี 459-98- หน้า :^bภาพประกอบ ;^c30 ซม
500    "เอกสารการสอนชุดวิชา 51303 หน่วยที่ 1-7, 8-15" -- หน้าปกใน
500    สิ่งพิมพ์ของ มหาวิทยาลัยสุโขทัยธรรมาธิราชสาขาวิชาวิทยาศาสตร์สุขภาพ
650  7 การพยาบาล
650  7 จรรยาบรรณพยาบาล
650  7 วิจัย
650  7 พยาบาล
700 0  ละออ หุตางกูร
710 1  มหาวิทยาลัยสุโขทัยธรรมาธิราช. ^bสาขาวิชาวิทยาศาสตร์สุขภาพ
945    ^p0^l0^i14753
995    เกษร
999     ^aใช้งานได้ทุกระบบ
รายการนี้ยังไม่มีแท็ก
คุณยังไม่ได้ล็อกอิน คุณสามารถมีกิจกรรมร่วมกับเว็บไซต์ได้ แต่ต้องล็อกอินก่อน ::
  ล็อกอิน

รายการสื่อสารสนเทศ

ลำดับที่ ประเภท เลขเรียก/บาร์โค้ด สถานที่ สถานะ
1. วิทยาศาสตร์การแพทย์ และสุขภาพ
วิทยาศาสตร์การแพทย์ และสุขภาพ
WY16 ส719ป 2544 ล.2  
  Barcode: 14753
ห้องสมุดวิทยาเขตสวรรค์ประชารักษ์
►นวนิยาย
บนชั้น
  ขอยืม

รายการใกล้เคียง
    หัวเรื่อง [การพยาบาล]
    หัวเรื่อง [จรรยาบรรณพยาบาล]
    หัวเรื่อง [วิจัย]
    หัวเรื่อง [พยาบาล]

BibComment


ยังไม่เคยถูกคอมเมนท์

คอมเมนท์ทรัพยากรรายการนี้
  คอมเมนท์: เอกสารการสอนชุดวิ..


 Copyright 2026. Bcnsprnw @Library